000 00575nam a2200193Ia 4500
005 20250508164817.0
008 008 250505s9999 xx 000 0 eng d
037 _aTheses
040 _aFEDL
_beng
_cFEDL
041 _aeng
_2eng
084 _a371.7, JAI/TH
_qFEDL
100 _aJain Abha
_9540359
245 0 _aBiofeedback training of sportspersons : Personality variables, mental ability and performance
260 _c2008
300 _axi,270p.
546 _aPH.D Thesis (Delhi University)
942 _cTH
_h371.7, JAI/TH
999 _c1391333
_d1391333